000 00650nam a2200265Ia 4500
005 20260121114430.0
008 008 260114s9999 xx 000 0 eng d
020 _a9789390466610
037 _aEBOOK
040 _aCRL
040 _beng
040 _cCRL
041 _2eng
041 _aeng
084 _qCRL
100 _aLyle M.
_9974971
245 0 _aCompetence at Work: Models for Superior Performance
260 _bWiley
260 _c2020
650 _aHuman Resource Management
_9974972
856 _uhttps://ebooks.wileyindia.com/product-details/284236
942 _cEBOOK
999 _c1554100
_d1554100